Welcome to the Holygrace Academy Library

Please use search bar below to get started

CONCEPTUAL CHEMISTRY VOL.1 XII (Record no. 8968)

MARC details
000 -LEADER
fixed length control field 00333nam a22001217a 4500
082 ## - DEWEY DECIMAL CLASSIFICATION NUMBER
Classification number 540
Item number JAI/C
100 ## - MAIN ENTRY--AUTHOR NAME
Personal name JAIN, S K: SHAILESH
245 ## - TITLE STATEMENT
Title CONCEPTUAL CHEMISTRY VOL.1 XII
246 ## - VARYING FORM OF TITLE
Title proper/short title CONCEPTUAL CHEMISTRY VOL.1 XII
Remainder of title CONCEPTUAL CHEMISTRY VOL.1 XII
260 ## - PUBLICATION, DISTRIBUTION, ETC. (IMPRINT)
Place of publication NEW DELHI
Name of publisher S. CHAND& CO
Year of publication 2013
650 ## - SUBJECT ADDED ENTRY--TOPICAL TERM
Topical Term CHEMISTRY
942 ## - ADDED ENTRY ELEMENTS (KOHA)
Koha item type Books
Holdings
Withdrawn status Lost status Collection code Home library Current library Shelving location Date acquired Source of acquisition Cost, normal purchase price Full call number Accession Number Koha item type
    Reference Main Library Main Library NEW SHELF WITH NEW ENTRY 16/11/2024 COTRIBUTION 575.00 540 JAI/C 13732 Books